000 00521nam a2200181Ia 4500
003 GCL
008 140319s9999 xx 000 0 ara d
040 _aGCL /
_cGCL
082 0 4 _a415.1
_bع ت
100 1 _aعبدالحميد السيد طلب
245 1 0 _aتهذيب النحو /
_cعبدالحميد السيد طلب
260 _a[S.N] :
_bالصدر لخدمات الطباعة ،
_c1989
300 _a303 ص
490 _a
650 0 4 _aالنحو
650 0 4 _aاللغة العربية
942 _2ddc
_cBK
999 _c55179
_d55179